Kraje najbliżej Kanady - Statystyki

Ogólne statystyki
  • Ten quiz został rozwiązany 1 596 razy
  • Średni wynik to 11 z 20
Statystyki odpowiedzi
km kraj % Poprawnych
0 Stany Zjednoczone
98%
1809 Meksyk
96%
26 Grenlandia (Dania)
86%
1238 Rosja
80%
2065 Kuba
74%
2644 Dominikana
62%
1232 Bermudy (Zjednoczone Królestwo)
60%
1638 Islandia
57%
2582 Haiti
56%
2625 Jamajka
55%
2733 Gwatemala
50%
8 Saint-Pierre i Miquelon (Francja)
50%
2823 Honduras
49%
1657 Bahamy
47%
2642 Belize
44%
1928 Azory (Portugalia)
33%
2200 Norwegia
32%
2352 Szwecja
29%
2342 Finlandia
25%
2832 Sint Maarten (Holandia)
21%
Nie znaleziono quizów pasujących do podanych kryteriów
Rozkład punktacji
Procent ludzi z każdym wynikiem
Percentyl według liczby udzielonych odpowiedzi
Twoja historia wyników
Nie rozwiązałeś tego quizu